| 000 | 00544 a2200181 4500 | ||
|---|---|---|---|
| 020 | _c320.00 | ||
| 035 | _aB-157861 | ||
| 037 | _bRP-L-101 / PANSY-06-07:4/ RP-06-07:ENG | ||
| 082 | 1 | 4 | _a330.1 |
| 090 |
_c2639 _d2639 |
||
| 100 | 1 | _aAhjua, H.L. | |
| 245 | 1 |
_aModern microeconomics _btheory and applications |
|
| 250 | _a14th rev. ed. | ||
| 260 |
_aNew Delhi _bS. Chand _c2006 |
||
| 300 |
_axv, 896 p _c24 cm (pbk) |
||
| 942 |
_adpl _cEN _k330.1 / AHU |
||
| 999 |
_c2596 _d2596 |
||